000 00497nam a2200169Ia 4500
999 _c21587
_d21587
003 OSt
005 20200609124929.0
008 190216s9999||||xx |||||||||||||| ||und||
020 _a9788126148042
040 _coclc
082 _a361.954
_bDHA/S
100 _a Dhanda, Poonam
_92678
245 0 _aSocial Work And Social Welfare /
_cPoonam Dhanda
260 _bAnmol Publications,
_c2011.
_aNew Delhi:
300 _a272p
942 _cBK
_2ddc
_h361.954
_iDHA/S
_k361.954
_mDHA/S